| 000 | 01423nam a22002297a 4500 | ||
|---|---|---|---|
| 001 | 5757 | ||
| 003 | FISKH | ||
| 005 | 20250120162559.0 | ||
| 008 | 250120b cb ||||| |||| 00| 0 eng d | ||
| 020 | _a9781107614796 | ||
| 040 |
_aFISKH _beng _cFISKH _dFISKH |
||
| 050 | _aCD20537777 | ||
| 082 | _a570 | ||
| 100 | _aJones, Mary | ||
| 245 |
_aCambridge IGCSE® Biology coursebook : _bThird edition / _cby Mary Jones and Geoff Jones |
||
| 260 |
_aCambridge : _bCambridge University Press ; _c2002, 2014 . |
||
| 300 |
_a344 pages : _billustrations ; _c29 cm . |
||
| 520 | _aThis edition of our successful series to support the Cambridge IGCSE Biology syllabus (0610) is fully updated for the revised syllabus for first examination from 2016. Written by an experienced teacher and examiner, Cambridge IGCSE Biology Coursebook with CD-ROM gives comprehensive and accessible coverage of the syllabus content. Suggestions for practical activities are included, designed to help develop the required experimental skills, with full guidance included on the CD-ROM. Study tips throughout the text, exam-style questions at the end of each chapter and a host of revision and practice material on the CD-ROM are designed to help students prepare for their examinations. Answers to the exam-style questions in the Coursebook are provided on the CD-ROM. | ||
| 700 |
_aJones , Geoff _eauthor |
||
| 942 |
_2ddc _cBK _n0 |
||
| 999 |
_c5757 _d5757 |
||